01476cam a2200361 a 45000010005000000030006000050050017000110080041000280100017000690200015000860200030001010200030001310200018001610400023001790500017002020820010002191000029002292450091002582500041003492600046003903000041004365050007004775200267004845210018007515210018007696500029007876500038008167000035008549060045008899420015009349990015009499520150009645964FISKH20250213092116.0040513s2005 maua b 000 1 eng  a 2004051833 a076362361X a9780763648527 (hardcover) a9781536200768 (paperback) a9780763648510 aDLCcDLCdDLCbeng a PZ7.M1487 J a813.61 aMcDonald, Megand(1959-)10aJudy Moody declares independence /cMegan McDonald ; illustrated by Peter H. Reynolds. aThis edition first published in 2010 aMassachusetts :bCandlewick Press,c2005. a144 pages :billustrations ;c20 cm. aN  aAfter learning about the American Revolution on a family trip to Boston, Massachusetts, Judy Moody makes her own Declaration of Independence and tries to prove that she is responsible enough to have more freedoms, such as a higher allowance and her own bathroom.8 a530 bLexile 8 aN bRaz-Plus  1aResponsibilityvFiction. 1aHumorous stories.2Boston (Mass.)1 aReynolds, Peter Hqillustrator a7bcbccorignewd1eocipf20gy-gencatlg 2ddccBKn0 c5964d5964 00102ddc40708JUVFa001b002cTTP Yellow d2025-02-13l1oREY 813.6 PZ7.M1487 Jp2025-0530r2025-12-03 14:51:04s2025-10-10t1w2025-02-13yBK